| 000 | 00339nam a22001217a 4500 | ||
|---|---|---|---|
| 020 | _a0632032456 | ||
| 082 |
_a720.472 _bENE _cL-14, P-37 |
||
| 245 | _aEnergy Efficient Building | ||
| 260 |
_aLondon _bBlackwell Scientific Publications _cc1992 |
||
| 300 |
_ax p299 _bill _c18cm |
||
| 526 |
_a0 _b0 _c0 _d720_472000000000000_ENE |
||
| 942 |
_2ddc _cBK |
||
| 999 |
_c549191 _d549191 |
||